Statistics for Presidents of France by Picture

Click here to take the quiz!

General Stats

  • This quiz has been taken 52 times
  • The average score is 19 of 50

Answer Stats

Answer% Correct
Charles de Gaulle
96%
Emmanuel Macron
96%
Nicolas Sarkozy
94%
François Hollande
90%
Napoleon
90%
François Mitterrand
88%
Jacques Chirac
88%
Valéry Giscard d'Estaing
77%
Georges Pompidou
73%
Philippe Pétain
73%
Napoleon III
63%
Félix Faure
44%
Raymond Poincaré
44%
René Coty
44%
Patrice de MacMahon
42%
Paul Doumer
40%
Sadi Carnot
40%
Vincent Auriol
40%
Adolphe Thiers
38%
Albert Lebrun
38%
Charles-François Lebrun
38%
Gaston Doumergue
38%
Lazare Carnot
38%
Paul Deschanel
35%
Armand Fallières
33%
Jean Casimir-Perier
33%
Jules Grévy
33%
Alexandre Millerand
31%
Émile Loubet
31%
Léon Blum
29%
Alain Poher
27%
Emmanuel Joseph Sieyès
15%
François Arago
15%
Georges Bidault
15%
Jean-Jacques-Régis de Cambacérès
15%
Louis-Eugène Cavaignac
15%
Félix Gouin
13%
Paul Barras
13%
Roger Ducos
13%
Étienne-François Letourneur
10%
François Barthélemy
10%
Jacques-Charles Dupont de l'Eure
10%
Jean Baptiste Treilhard
10%
Jean-François-Auguste Moulin
10%
Jean-François Rewbell
10%
Louis-Jérôme Gohier
10%
Louis-Jules Trochu
10%
Nicholas François de Neufchâteau
10%
Philippe-Antoine Merlin de Douai
6%
Louis Marie de La Révellière-Lépeaux
4%

Score Distribution

Percentile by Number Answered

Percent of People with Each Score

Your Score History

You have not taken this quiz